00661cam a2200193 a 450000100100000000500170001000800410002704000250006808200170009310000350011024500550014526000350020030000200023565000310025565000340028604900090032095201210032999900170045000001897120200929165906.0100521q1990 mx 000 0 spa d aDO-SdBNPbspacBNPHU a262.1bP896f1 aPrado Flores, José H.91097110aFormción de líderes /cJosé H. Prado Flores. aMéxico :bKerygma,c[1990?]. a96 p. ;c17 cm. 4aLiderazgo cristiano940815 4aLiderazgo en la biblia940816 aBNGR 001054708MOaGRbGRcCTd2010-05-21iLF1l0o262.1 P896fp18971-10r2020-06-25w2020-06-25y4ZPréstamo en sala c18489d18489